00524nam a22001817a 450000500170000001000170001702000260003402000240006003500170008403700220010108200080012310000180013124500570014926000380020627000460024430000330029050000190032320101019113431.0 aB-417708-727 a9788131506660c495.00 a81315066605c495.00 aB-417708-727 bAsian Book Centre a547 aMcmurry, John aIntroduction to organic chemistry /cby John Mcmurry aNew DelhibCengage Learningc2007 a418 F.I. E. PatparganjbNew Delhie110092 a913p. :c23 cm. (Pbk)eillu. aincludes index